¿Qué es la personalidad? /

Tallennettuna:
Bibliografiset tiedot
Päätekijä: Allport, Gordon W (autor)
Aineistotyyppi: Kirja
Kieli:espanja
Julkaistu: Buenos Aires, Argentina : Siglo Veinte, 1971, c1971
Aiheet:
Tagit: Lisää tagi
Ei tageja, Lisää ensimmäinen tagi!

MARC

LEADER 00000nam^a2200000^a^4500
001 000361914
005 20250815000000.0
009 20260310115504.863
025 |a Donación Ignacio González Luna, 1 ejemplar 
037 |a Acervo ITESO - Biblioteca 
041 |a ESP 
082 |a 155. 2  |b ALL 
100 |a Allport, Gordon W  |e (autor) 
245 1 0 |a ¿Qué es la personalidad? /  |c G.W. Allport ; tr. por Mario Calés. 
264 4 |a Buenos Aires, Argentina :  |b Siglo Veinte,  |c 1971, c1971 
300 |a 159 p. 
336 |a texto  |b txt  |2 rdacontenido 
337 |a sin mediación  |b n  |2 rdamedio 
338 |a volumen  |b nc  |2 rdasoporte 
500 |a Traducción de: An Approach to Personality 
561 |a Ex libris de Ignacio González Luna 
649 |a XX 
650 |a Personalidad -  |x Tema Principal 
650 |a Personalidad -  |x Teoría 
650 |a Psicología 
910 |a Fondo Ignacio González Luna Morfín 
920 |a Impresos - Libros 
930 |a Fondos Especiales 
905 |a 136 
901 |a 0500255400  |b IT2  |c ESP  |i D  |u 20250521 
902 |a https://opac.biblio.iteso.mx/vufind/Record/000361914